Introduction to Fluid Mechanics and Fluid Mechanics (Record no. 5297)

MARC details
000 -LEADER
fixed length control field 00334nam a2200133Ia 4500
008 - FIXED-LENGTH DATA ELEMENTS--GENERAL INFORMATION
fixed length control field 191201s2012 xx 000 0 und d
082 ## - DEWEY DECIMAL CLASSIFICATION NUMBER
Classification number 621.26
Item number SOI
100 ## - MAIN ENTRY--PERSONAL NAME
Personal name SOM, S.K
245 #0 - TITLE STATEMENT
Title Introduction to Fluid Mechanics and Fluid Mechanics
260 ## - PUBLICATION, DISTRIBUTION, ETC. (IMPRINT)
Place of publication, distribution, etc N. Delhi
Name of publisher, distributor, etc TMH
Date of publication, distribution, etc 2012
300 ## - PHYSICAL DESCRIPTION
Extent 835
650 ## - SUBJECT ADDED ENTRY--TOPICAL TERM
Topical term or geographic name as entry element B.Tech(CE)
942 ## - ADDED ENTRY ELEMENTS (KOHA)
Source of classification or shelving scheme Dewey Decimal Classification
Koha item type Text Books
Holdings
Withdrawn status Lost status Source of classification or shelving scheme Damaged status Not for loan Collection code Home library Current library Date acquired Source of acquisition Cost, normal purchase price Bill Number Total Checkouts Full call number Acc. no. / Barcode Date last seen Bill Date Koha item type
    Dewey Decimal Classification     B.Tech(CE) PIET C-LIBRARY PIET C-LIBRARY 06/07/2012 IBH, New Delhi 425.00 4873   621.26 SOF 19650 04/12/2019 03/07/2012 Text Books
    Dewey Decimal Classification     B.Tech(CE) PIET C-LIBRARY PIET C-LIBRARY 06/07/2012 IBH, New Delhi 425.00 4873   621.26 SOF 19651 04/12/2019 03/07/2012 Text Books
    Dewey Decimal Classification     B.Tech(CE) PIET C-LIBRARY PIET C-LIBRARY 06/07/2012 IBH, New Delhi 425.00 4873   621.26 SOF 19652 04/12/2019 03/07/2012 Text Books
    Dewey Decimal Classification     B.Tech(CE) PIET C-LIBRARY PIET C-LIBRARY 06/07/2012 IBH, New Delhi 425.00 4873   621.26 SOF 19653 04/12/2019 03/07/2012 Text Books
    Dewey Decimal Classification     B.Tech(CE) PIET C-LIBRARY PIET C-LIBRARY 06/07/2012 IBH, New Delhi 425.00 4873   621.26 SOF 19654 04/12/2019 03/07/2012 Text Books

Design & Developed by: PIET Central Library
R70 Miles Stone Pattikalyana Samalkha Panipat 132102
mail ID :- [email protected], Phone No:- 0180-2569700 Ex.216